LEADER 01273nam 2200349 450 001 9910157444603321 005 20230617023602.0 035 $a(CKB)3710000000984193 035 $a(MiAaPQ)EBC4773747 035 $a(EXLCZ)993710000000984193 100 $a20170116h20052005 uy 0 101 0 $aeng 135 $aurcnu|||||||| 181 $2rdacontent 182 $2rdamedia 183 $2rdacarrier 200 14$aThe Acts of the Apostles /$fDennis Hamm, S.J 210 1$aCollegeville, Minnesota :$cLiturgical Press,$d2005. 210 4$dİ2005 215 $a1 online resource (66 pages) $cillustrations, maps 225 1 $aNew Collegeville Bible Commentary. New Testament ;$vVolume 5 330 $a"Complete biblical texts with sound, scholarly based commentary that is written at a pastoral level; the Scripture translation is that of the New American Bible with Revised New Testament and Revised Psalms (1991)"--Provided by publisher. 410 0$aNew Collegeville Bible commentary.$pNew Testament ;$vVolume 5. 676 $a226.6/077 700 $aHamm$b M. Dennis$01237657 801 0$bMiAaPQ 801 1$bMiAaPQ 801 2$bMiAaPQ 906 $aBOOK 912 $a9910157444603321 996 $aThe Acts of the Apostles$92872926 997 $aUNINA